L'Home, ésser intel·ligent : el cervell / Domènec Gil Saladié el cervell / Domènec Gil Saladié
Descripción Física:
62 p. : il. ; 20 cm
Colección:
Biblioteca de la classe ; 24
Materias:
Cervell
MARC
| LEADER | 00000nam a2200000Ia 4500 | ||
|---|---|---|---|
| 001 | 7604 | ||
| 008 | 160829s1987 xx 000 0 cat d | ||
| 080 | |a C-1-386 | ||
| 100 | |a Gil i Saladié, Domènec |9 24862 | ||
| 245 | |a L'Home, ésser intel·ligent : |b el cervell / Domènec Gil Saladié | ||
| 260 | |a Barcelona : |b Graó : |b Diputació de Barcelona. Servei d' Ensenyament i Investigació, |c 1987 | ||
| 300 | |a 62 p. : |b il. ; |c 20 cm | ||
| 490 | |a Biblioteca de la classe ; 24 | ||
| 650 | |a Cervell |9 24863 | ||
| 710 | 1 | |a Barcelona (Catalunya : Província). |b Servei d'Ensenyament i Investigació |9 54366 | |
| 901 | |a Arxiu | ||
| 942 | |n 1 | ||
| 952 | |0 0 |1 0 |4 0 |6 C1386 |7 1 |9 43346 |a Arxiu |b Arxiu |d 2016-12-01 |l 0 |o C-1-386 |p 7604 |r 2016-12-01 00:00:00 |w 2016-12-01 |y ARXIU | ||
| 999 | |c 45891 |d 45891 | ||